Top 20 Smartest animals - Statistics

General Stats
  • This quiz has been taken 41 times
  • The average score is 8 of 20
Answer Stats
Rank Answer % Correct
12 Octopus
68%
8 Dolphins
62%
11 Cats
59%
5 Dogs
59%
10 Gorillas
54%
2 Chimpanzees
51%
1 Elephants
51%
18 Whales
49%
3 Pigs
43%
19 Horses
41%
9 New Caledonian Crows
41%
6 Parrots
41%
4 Rats
41%
13 Orangutans
38%
14 Raccoons
24%
7 Goats
19%
15 Squirrels
19%
16 Pigeons
11%
17 Otters
5%
20 Capuchin Monkeys
0%
No matching quizzes found
Score Distribution
Percent of People with Each Score
Percentile by Number Answered
Your Score History
You have not taken this quiz